LIBRARY ONLINE CATALOGUE

Cases and materials on constitutional and administrative law / (Record no. 4185)

MARC details
000 -LEADER
fixed length control field 01066cam a22002772 4500
001 - CONTROL NUMBER
control field 0000020817
005 - DATE AND TIME OF LATEST TRANSACTION
control field 20151217145927.0
008 - FIXED-LENGTH DATA ELEMENTS--GENERAL INFORMATION
fixed length control field 111018s xx 000 0 eng d
020 ## - INTERNATIONAL STANDARD BOOK NUMBER
International Standard Book Number 0199579044
040 ## - CATALOGING SOURCE
Original cataloging agency KABU
Transcribing agency KABU
100 1# - MAIN ENTRY--PERSONAL NAME
Personal name Allen, Michael J.
-- 0000178044
245 10 - TITLE STATEMENT
Title Cases and materials on constitutional and administrative law /
Statement of responsibility, etc. Michael J. Allen, Brian Thompson.
250 ## - EDITION STATEMENT
Edition statement 10th ed.
260 ## - PUBLICATION, DISTRIBUTION, ETC. (IMPRINT)
Place of publication, distribution, etc. Oxford :
Name of publisher, distributor, etc. O. U. P.,
Date of publication, distribution, etc. 2011.
300 ## - PHYSICAL DESCRIPTION
Extent xxxviii, 737 p.
650 #0 - SUBJECT ADDED ENTRY--TOPICAL TERM
Topical term or geographic name as entry element Administative law
General subdivision Cases
Geographic subdivision Great Britain.
-- 0000178045
650 #0 - SUBJECT ADDED ENTRY--TOPICAL TERM
Topical term or geographic name as entry element Constitutional Law
General subdivision Cases
Geographic subdivision Great Britain.
-- 0000178046
700 1# - ADDED ENTRY--PERSONAL NAME
Personal name Thompson, Brian.
-- 0000178047
852 1# - LOCATION
-- p5280 KES
852 1# - LOCATION
-- p5280 KES
852 1# - LOCATION
-- p4785 KES
852 1# - LOCATION
-- p5280 KES
852 1# - LOCATION
-- p4785 KES
908 ## - PUT COMMAND PARAMETER (RLIN)
Put command parameter 111018
950 ## - LOCAL HOLDINGS (RLIN)
-- 1
Holdings
Withdrawn status Lost status Source of classification or shelving scheme Not for loan Home library Current library Date acquired Total Checkouts Full call number Barcode Date last seen Date last checked out Price effective from Koha item type
    Library of Congress Classification   Kabarak, Main Campus Kabarak, Main Campus 17/12/2015 2 KD3930 .A7A45 2011 c. 2 19544 30/01/2024 15/01/2024 17/12/2015 General Collection
    Library of Congress Classification   Kabarak, Main Campus Kabarak, Main Campus 17/12/2015   KD3930 .A7A45 2011 c. 3 19543 17/12/2015   17/12/2015 General Collection
    Library of Congress Classification   Kabarak, Main Campus Kabarak, Main Campus 17/12/2015 3 KD3930 .A7A45 2011 c. 5 013174 05/02/2024 17/01/2024 17/12/2015 General Collection
    Library of Congress Classification   Kabarak, Main Campus Kabarak, Main Campus 17/12/2015 2 KD3930 .A7A45 2011 c. 1 19545 30/01/2024 17/01/2024 17/12/2015 General Collection
    Library of Congress Classification   Kabarak, Main Campus Kabarak, Main Campus 17/12/2015 4 KD3930 .A7A45 2011 c. 4 013172 30/01/2024 17/01/2024 17/12/2015 General Collection
    Library of Congress Classification   Kabarak, Main Campus Kabarak, Main Campus 17/12/2015 1 KD3930 .A7A45 2011 c. 6 013173 21/01/2021 13/01/2021 17/12/2015 General Collection